النشرة السنوية للتجارة البينية مع التجمعات الدولية عام 2020./
يعيش عالم اليوم متغيرات عديدة تستوجب من الدول النامية النظر مرة أخرى فى مسارها التنموى حيث أصبح من المستحيل أن تحقق دولة ما متطلباتها التنموية بجهد منفرد دون أن تلجأ إلأى غيرها من الدول لتبادل وتقاسم المنافع المشتركة كما أن هذة المتغيرات العالمية المتلاحقة لا تخلو من بعض المخاطر والمخاوف ولا تستطيع...
Saved in:
| 主要作者: | |
|---|---|
| 格式: | 图书 |
| 语言: | 阿拉伯语 |
| 出版: |
القاهرة :
الجهاز المركزى للتعبئة العامة والإحصاء،
2021
|
| 主题: | |
| 标签: |
添加标签
没有标签, 成为第一个标记此记录!
|
MARC
| LEADER | 00000nam a22000007a 4500 | ||
|---|---|---|---|
| 003 | INP | ||
| 005 | 20211129102818.0 | ||
| 008 | 180304b2021uuuuua j|||f |||| 00| 0 ara d | ||
| 952 | |0 0 |1 0 |4 0 |6 382_096200000000000_ن_ش_2021 |7 0 |9 21328 |a INP |b INP |c MAIN |d 2021-11-21 |l 0 |o 382.0962 ن ش 2021 |p 022333 |r 2022-03-28 00:00:00 |w 2021-11-21 |y PUB |0 0 | ||
| 999 | |c 17292 |d 17292 | ||
| 040 | |a EG-INP |b ara |c EG-INP | ||
| 082 | 0 | 4 | |2 21 |a 382.0962 |b ن ش 2021 |
| 100 | |a الجهاز المركزى للتعبئة العامة والإحصاء، | ||
| 245 | 0 | 2 | |a النشرة السنوية للتجارة البينية مع التجمعات الدولية عام 2020./ |c الجهاز المركزى للتعبئة العامة والإحصاء، |
| 246 | |a Annual Bulletin of Intra-OIC Trade with the International Communities | ||
| 260 | |a القاهرة : |b الجهاز المركزى للتعبئة العامة والإحصاء، |c 2021 | ||
| 300 | |a مج. : |b ايض. ؛ |c 24 سم. | ||
| 310 | |a سنوى. | ||
| 500 | |a مرجع رقم 71-21214-2016 | ||
| 500 | |a يبنى الوصف على عام 202020 | ||
| 500 | |a إصدار يونيه 2021 | ||
| 520 | |a يعيش عالم اليوم متغيرات عديدة تستوجب من الدول النامية النظر مرة أخرى فى مسارها التنموى حيث أصبح من المستحيل أن تحقق دولة ما متطلباتها التنموية بجهد منفرد دون أن تلجأ إلأى غيرها من الدول لتبادل وتقاسم المنافع المشتركة كما أن هذة المتغيرات العالمية المتلاحقة لا تخلو من بعض المخاطر والمخاوف ولا تستطيع الدولة بمفردها تحمل تلك المخاطر، بل ان المخاطر تقل كلما كان التعاون هو السائد بين الدول. | ||
| 650 | 7 | |2 qrmak |a العلاقات الاقتصادية الدولية. | |
| 650 | 7 | |2 qrmak |a التجارة البينية. | |
| 650 | 7 | |2 qrmak |a التجارة الخارجية. | |
| 650 | 7 | |2 qrmak |a التنمية الإقتصادية | |
| 650 | 7 | |2 qrmak |a الميزانية. | |
| 901 | |a INP | ||
| 902 | |a egpv34 | ||
| 903 | |a original | ||
| 942 | |2 ddc |c PUB | ||